000 00274nam a22001217a 4500
999 _c155376
_d155376
082 _a
_b
100 _aS Patel
245 _aTribal education in India a case study of Orissa/
_cby S Patel.
260 _a
_bMittal,
_c1991.
300 _a103p.
650 _a
942 _cBK